00531 2200193 4500001002100000005001700021008004100038035002400079040001200103082000800115090001500123100001800138245007500156260004100231300002500272650001700297850001200314990001100326YOGYA-0612000000076720120611234646.0 ger  0010-061200000000765 aYOPDYOG a831 a831bFie B aFIEDLER, H.G. aA book of German Verse :bfrom huther to liliencron /cby H. G. Fieder aOxfordbAt the Clarendon Pressc1937 aLXIV, 394 hlmc17 cm aPuisi Jerman aYOPDYOG a5785-c